000 01926cam a22005054i 4500
003 PE-LiUPU
005 20250731172920.0
008 150623s r 000 0 d
020 _a0806620129
035 _a(Sirsi) i9780806620121
040 _aPE-LiUPU
_bspa
_cPE-LiUPU
_erda
049 _aPRUA
082 0 4 _a254
_bW57
_221
100 1 _aWilson, Marlene,
_eautor.
245 1 0 _aHow to mobilize church volunteers /
_cMarlene Wilson.
264 1 _aMinneapolis :
_bAugsgurg publishers house,
_c1983.
300 _a156 páginas ;
_c21 centímetros
336 _atext
_2rdacontent
337 _aunmediated
_2rdamedia
338 _avolume
_2rdacarrier
504 _aBibliografía al final de cada capítulo.
505 0 _aLevels of responsibility. -A checklist before linking a volunteer. -Volunteer questionnaires. -A variety of interest sheets. -Storing the information. -Before and after the visit.
526 _aSEG42
526 _aSEG41
526 _aSEG40
526 _aSEG39
526 _aP94
526 _aP87
526 _aP86
526 _aP85
526 _aP77
526 _aP76
526 _aP35
650 0 4 _aAdministración de iglesias.
650 0 4 _aMinisterio laico.
942 _2ddc
_cBOOK
949 _a254 W57
_wDEWEY
_c1
_i43718
_lCCODEBUL1
_mBUL
_r0
_sY
_tBOOK
_u2015-6-24
_xTEOLOGIA
_PP35
_0COMPRA
_o.STAFF. Colección General
949 _a254 W57
_wDEWEY
_c2
_i40570
_lCCODEBUL1
_mBUL
_r0
_sY
_tBOOK
_u2015-6-24
_xTEOLOGIA
_PP35
_0COMPRA
_o.STAFF. Colección General
994 _aC0
_bPEPRU
596 _a1
999 _a254 W57
_wDEWEY
_c20121
_i43718
_f2021-11-10
_g5
_lCCODEBUL1
_mBUL
_r0
_sY
_tBOOK
_u2015-6-24
_xTEOLOGIA
_PP35
_0COMPRA
_o.STAFF. Colección General
_d20121
999 _a254 W57
_wDEWEY
_c2
_i40570
_f2021-11-10
_g5
_lCCODEBUL1
_mBUL
_r0
_sY
_tBOOK
_u2015-6-24
_xTEOLOGIA
_PP35
_0COMPRA
_o.STAFF. Colección General
980 _81
_gALBERTO SANCHEZ Responsable de Automatización